Racine et nerfs membres supérieurs et inférieurs - Statistics

General Stats
  • This quiz has been taken 6 times
  • The average score is 17 of 49
Answer Stats
Muscles Racines et Nerf % Correct
Quadriceps (droit fémoral) nerf fémoral L2
100%
Quadriceps (vastes) nerf fémoral L3
67%
Deltoïde ant/moyen/post nerf axillaire C5
33%
Petit rond nerf axillaire C5
33%
Elévateur de la scapula nerf dorsal de la scapula C4
33%
Rhomboïde nerf dorsal de la scapula C4
33%
Ilio-psoas nerf fémoral L1 L2
33%
Sartorius nerf fémoral L1 L2
33%
Tibial antérieur nerf fibulaire profond L4
33%
Long extenseur de l'hallux nerf fibulaire profond L5
33%
Long extenseur des orteils nerf fibulaire profond L5
33%
Fibulaires (court et long) nerf fibulaire superficiel L5
33%
Grand fessier nerf glutéal inférieur S1
33%
Petit fessier nerf glutéal supérieur L4 L5
33%
Moyen fessier nerf glutéal supérieur L4 L5 S1
33%
TFL nerf glutéal supérieur L4 L5 S1
33%
Coraco-brachial nerf musculo-cutané C6
33%
Adducteurs nerf obturateur L3
33%
Grand pectoral (chef sup) nerf pectoral latéral C6
33%
Petit pectoral nerf pectoral latéral et médial C6
33%
Grand pectoral (chef moyen) nerf pectoral latéral et médial C6 C8
33%
Grand pectoral (chef inf) nerf pectoral médial C8
33%
Diaphragme nerf phrénique C3 C4
33%
Muscles intrinsèques du pied nerf plantaires S1
33%
Fléchisseurs nerfs cervicaux antérieurs C2 à C8
33%
SCOM nerfs cervicaux antérieurs C3
33%
Paravertébraux (tête et cou) nerfs cervicaux postérieurs C2 à C8
33%
Trapèze sup/moyen/inf nerfs cervicaux postérieurs + nerf accessoire XI C3
33%
Ischio-jambiers (semi-tendineux et membraneux) nerf sciatique L4
33%
Ischio-jambiers (biceps fémoral) nerf sciatique S1
33%
Paravertébraux (tronc) nerfs dorso-lombaires D1 à S2
33%
Carré des lombes nerf sub-costal L1
33%
Sub-scapulaire nerf sub-scapulaire C6
33%
Supra épineux nerf supra-scapulaire C5
33%
Infra épineux nerf supra-scapulaire C5
33%
Dentelé nerf thoracique long C6
33%
Grand dorsal nerf thoraco-dorsal C6
33%
Grand rond nerf thoraco dorsal C6
33%
Triceps sural nerf tibial S1
33%
Tibial postérieur nerf tibial S1
33%
Long fléchisseur de l'hallux nerf tibial S1
33%
Long fléchisseur des orteils nerf tibial S1 S2
33%
Pelvi-trochanteriens plexus lombo sacré S1
33%
Grands droits six derniers nerfs intercostaux D6 à L1
33%
Obliques externes six derniers nerfs intercostaux D6 à L1
33%
Obliques internes six derniers nerfs intercostaux D9 à L1
33%
Transverse six derniers nerfs intercostaux D9 à L1
33%
Inter-costaux internes six premiers nerfs intercostaux D1 à D11
33%
Inter-costaux externes six premiers nerfs intercostaux D1 à D11
33%
No matching quizzes found
Score Distribution
Percent of People with Each Score
Percentile by Number Answered
Your Score History
You have not taken this quiz